[Event "34th Olympiad"]
[Site "Istanbul TUR"]
[Date "2000.11.09"]
[Round "12"]
[White "D'Amore,C"]
[Black "Dzhumaev,M"]
[Result "1-0"]
[WhiteElo "2462"]
[BlackElo "2495"]

1.e4 g6 2.d4 Bg7 3.Nc3 d6 4.Nf3 Nf6 5.h3 O-O 6.Be3 c6 7.a4 a5 8.Qd2 Na6 9.Bd3 Nb4
10.O-O Re8 11.Rad1 Nd7 12.Bh6 Bh8 13.Rfe1 Nxd3 14.Qxd3 c5 15.dxc5 Nxc5 16.Qe3 Na6
17.e5 Nb4 18.Rd2 d5 19.Nb5 Bf5 20.Nfd4 Be6 21.f4 Qc8 22.g4 Bd7 23.f5 Qc4
24.c3 Na6 25.b3 Qc5 26.e6 fxe6 27.fxe6 Bxb5 28.axb5 Nc7 29.Rf2 Bf6 30.g5 Bxd4
31.cxd4 Qd6 32.b6 Nb5 33.Rf7 Qb4 34.Rd1 Qd6 35.Qf2 Qxe6 36.Rf1 Kh8 37.Bg7+ Kg8
38.Be5 Nxd4 39.Rg7+ Kh8 40.Rxh7+  1-0

[Event "ch-POL Semi-Finals"]
[Site "Polanczyk POL"]
[Date "2000.11.09"]
[Round "6"]
[White "Mista,A"]
[Black "Urban,K"]
[Result "1/2-1/2"]
[WhiteElo "2353"]
[BlackElo "2472"]

1.e4 g6 2.d4 Bg7 3.Nc3 d6 4.f4 Nd7 5.Nf3 c6 6.Be3 Ngf6 7.Be2 O-O 8.h3 Qb6
9.Qc1 Qc7 10.e5 Nd5 11.Nxd5 cxd5 12.O-O Nb6 13.b3 Bf5 14.Bd3 Bxd3 15.cxd3 Qxc1
16.Raxc1 Rfc8 17.g4 dxe5 18.dxe5 e6 19.Nd4 Rxc1 20.Rxc1 Rc8 21.Rxc8+ Nxc8
22.Kf2 a6 23.h4 h5 24.Kf3 hxg4+ 25.Kxg4 Kf8 26.Bd2 Ke8 27.Bb4 Bh6 28.Ne2 Ne7
29.Bxe7 Kxe7 30.h5 f5+ 31.Kh4 Kf7 32.hxg6+ Kxg6 33.Kg3 Bf8 34.Nd4 Kf7 35.Kf3 Bc5
36.Nc2 Ke8 37.Kg3  1/2-1/2

[Event "34th Olympiad"]
[Site "Istanbul TUR"]
[Date "2000.11.10"]
[Round "13"]
[White "Mamombe,K"]
[Black "Rama,L"]
[Result "0-1"]
[WhiteElo "2147"]
[BlackElo "2316"]

1.e4 g6 2.d4 Bg7 3.Nc3 d6 4.Nf3 a6 5.Be3 Nd7 6.Qd2 b5 7.O-O-O Bb7 8.d5 Ngf6
9.Bd3 c5 10.dxc6 Bxc6 11.Bh6 Bxh6 12.Qxh6 b4 13.Nd5 Nxd5 14.exd5 Bxd5 15.Qg7 Rf8
16.Rhe1 Bxf3 17.gxf3 Nc5 18.Qxh7 Nxd3+ 19.Rxd3 e6 20.Kb1 Qf6 21.Qh6 Rh8 22.Qd2 Kf8
23.Qxb4 Kg7 24.Qxd6 Rhd8 25.Qe5 Qxe5 26.Rxe5 Rxd3 27.cxd3 Rh8 28.b4 Rxh2
29.Re2 Rh3 30.a4 Rxf3 31.Kc2 Kf6 32.Kc3 Ke7 33.Kd4 Kd6 34.Ke4 Rh3 35.Kd4 Rh4+
36.Kc3 Rh1 37.Rc2 Rb1 38.Kc4 e5 39.Kc3 f6 40.Rd2 Ra1 41.Kb3 g5 42.d4 e4 43.b5 axb5
44.axb5 Rb1+ 45.Kc4 Rc1+ 46.Kb4 Kd5 47.b6 Rb1+ 48.Ka5 f5 49.Ka6 f4 50.b7 g4
51.Ka7 f3 52.b8=Q Rxb8 53.Kxb8 e3 54.fxe3 g3 55.e4+ Kxe4 56.d5 g2 57.d6 g1=Q
58.d7 Qb6+ 59.Kc8 Qc5+  0-1

[Event "Chigorin Mem"]
[Site "St Petersburg RUS"]
[Date "2000.11.10"]
[Round "9"]
[White "Zajarnyi,A"]
[Black "Slavina,I"]
[Result "1/2-1/2"]
[WhiteElo "2380"]
[BlackElo "2242"]

1.e4 d6 2.d4 g6 3.Nc3 Bg7 4.Be3 a6 5.Qd2 b5 6.a4 b4 7.Nd1 a5 8.c3 Nf6 9.f3 bxc3
10.bxc3 O-O 11.Ne2 e5 12.dxe5 dxe5 13.Nc1 Qxd2+ 14.Kxd2 Be6 15.Kc2 Nbd7 16.Nb2 Rfb8
17.Nc4 Ne8 18.Nb3 Rxb3 19.Kxb3 Nd6 20.Bf2 Rb8+ 21.Kc2 Bxc4 22.Bxc4 Nxc4 23.Rhb1 Rxb1
24.Kxb1 Bf8 25.Kc2 Bd6 26.Kd3 Ncb6 27.Kc2 f5 28.exf5 gxf5 29.Rb1 Nxa4 30.Rb5 Bc5
31.Bxc5 Naxc5 32.Rxa5 Kf7 33.g3 Kf6 34.Ra8 Ne6  1/2-1/2

[Event "Chigorin Mem"]
[Site "St Petersburg RUS"]
[Date "2000.11.10"]
[Round "9"]
[White "Sveshnikov,E"]
[Black "Chepukaitis,G"]
[Result "1-0"]
[WhiteElo "2555"]
[BlackElo "2424"]

1.e4 g6 2.d4 Bg7 3.Nc3 d6 4.f4 a6 5.Nf3 b5 6.Bd3 Nd7 7.O-O c5 8.e5 cxd4 9.Ne4 Nh6
10.a4 bxa4 11.exd6 Nf5 12.Qe2 O-O 13.dxe7 Qxe7 14.Rxa4 Ne3 15.Re1 Nb6 16.Rxd4 Nf5
17.Qf2 Nxd4 18.Nxd4 Qd7 19.Nf3 Nd5 20.Nc5 Qd6 21.Be4 f5 22.Bd3 Kh8 23.Ne5 Nf6
24.h3 Nd7 25.b4 Nxe5 26.fxe5 Qe7 27.Bc4 g5 28.h4 f4 29.hxg5 a5 30.b5 Bg4
31.Bd5 Rac8 32.Ba3 Qxg5 33.b6 f3 34.b7 Rce8 35.Nd3 Rf5 36.Bd6 fxg2 37.Qxg2 Qh6
38.Rb1 Rg5 39.b8=Q Bc8 40.Qa7 Bh3 41.Qf7 Rxg2+ 42.Bxg2 Rc8 43.Rb8 Rxb8 44.Bxb8 Be6
45.Qe8+ Bg8 46.Bd5 Qe3+ 47.Kf1 Qh3+ 48.Ke2 Qg4+ 49.Kd2 Qg2+ 50.Bxg2  1-0

[Event "34th Olympiad Women"]
[Site "Istanbul TUR"]
[Date "2000.11.12"]
[Round "14"]
[White "Pina,S"]
[Black "Gurieli,N"]
[Result "0-1"]
[WhiteElo "2312"]
[BlackElo "2373"]

1.e4 g6 2.d4 Bg7 3.Nc3 d6 4.f4 Nf6 5.Nf3 O-O 6.Bd3 Na6 7.O-O c5 8.d5 Rb8
9.Qe2 Nc7 10.a4 Bg4 11.h3 Bxf3 12.Qxf3 e6 13.Bd2 exd5 14.exd5 Nd7 15.f5 Ne5
16.Qg3 c4 17.Be4 Ne8 18.Qf2 a6 19.a5 Nf6 20.Be3 Qe7 21.Rae1 Rbe8 22.Bg5 Qc7
23.Qh4 Ned7 24.Bf3 Qxa5 25.Rxe8 Rxe8 26.Qxc4 Qb6+ 27.Kh1 Qxb2 28.fxg6 hxg6
29.Na4 Qb5 30.Qxb5 axb5 31.Nc3 Nh5 32.Bxh5 Bxc3 33.Bf3 Kg7 34.Bf4 Be5 35.Bd2 Rc8
36.Rc1 Nb6 37.Bb4 Rc4 38.c3 Rc8 39.Rb1 Nc4 40.Ra1 Ne3 41.Ra5 b6 42.Ra6 Nc2
43.g4 Bxc3 44.Bxd6 Bd4 45.Be4 Ne3 46.Ra7 Rc1+ 47.Kh2 Nf1+ 48.Kg2 Nd2  0-1

[Event "8th Young Masters"]
[Site "Portugal POR"]
[Date "2000.11.13"]
[Round "7"]
[White "Del Rio Angelis,S"]
[Black "Leonardo,J"]
[Result "1-0"]
[WhiteElo "2467"]
[BlackElo "2301"]

1.e4 g6 2.d4 Bg7 3.Nc3 d6 4.Nf3 c6 5.Be3 Nf6 6.Qd2 Bg4 7.Ng1 Qa5 8.f3 Bc8
9.Bc4 Nbd7 10.Nge2 b5 11.Bb3 a6 12.Nd1 Qc7 13.a4 Bb7 14.Bh6 Bxh6 15.Qxh6 c5
16.c3 c4 17.Bc2 e5 18.Ne3 O-O-O 19.axb5 axb5 20.O-O Nb6 21.Ra5 Bc6 22.Ra2 Kb7
23.b3 cxb3 24.Bxb3 Ra8 25.Rb2 Ra3 26.Qg7 Qd8 27.Qxf7+ Bd7 28.dxe5 dxe5 29.Be6 Ka6
30.Bxd7 Nbxd7 31.Nc2 Qb6+ 32.Kh1 Ra4 33.Nb4+ Kb7 34.Rd1 Ka8 35.Nd5 Qd6 36.Rbd2 Ra7
37.Nxf6 Qxf6 38.Qd5+ Rb7 39.Qa2+  1-0

[Event "Tch-AUT 2000-01"]
[Site "Gleisdorf AUT"]
[Date "2000.11.17"]
[Round "3"]
[White "Bauer,Ch"]
[Black "Hickl,J"]
[Result "0-1"]
[WhiteElo "2618"]
[BlackElo "2582"]

1.e4 g6 2.d4 Bg7 3.Nc3 d6 4.f4 Nf6 5.Nf3 O-O 6.Be3 Nc6 7.e5 Ng4 8.Bg1 Nh6
9.Bb5 f6 10.d5 Nb8 11.e6 c6 12.Bc4 Qa5 13.a3 Na6 14.Nd4 f5 15.Qd2 c5 16.Ndb5 Nc7
17.Nxc7 Qxc7 18.h3 Qa5 19.Bf2 a6 20.O-O b5 21.Be2 Bb7 22.Bf3 Kh8 23.Rab1 b4
24.Ne2 Ng8 25.axb4 Qxb4 26.c3 Qb3 27.Rbc1 Nf6 28.c4 a5 29.Qc2 a4 30.Qxb3 axb3
31.Bh4 Ra4 32.Ng3 Ba6 33.Be2 Rb8 34.Ra1 Rbb4 35.Rxa4 Rxa4 36.Bd3 Kg8 37.Be2 Kf8
38.Kf2 Ra2 39.Rb1 Ne8 40.Bd3 Rxb2+ 41.Rxb2 Bxb2 42.Ke3 Nf6 43.Ne2 Ne4 44.g4 Ba3
45.gxf5 gxf5 46.Be1 b2 47.Bc3 Bxc4  0-1

[Event "Tenkes Kupa"]
[Site "Harkany HUN"]
[Date "2000.11.17"]
[Round "2"]
[White "Parkanyi,A"]
[Black "Schild,H"]
[Result "1-0"]
[WhiteElo "2310"]
[BlackElo "2022"]

1.e4 d6 2.d4 g6 3.Nc3 Bg7 4.Be3 Nf6 5.f3 c6 6.Qd2 b5 7.g4 h5 8.gxh5 Nxh5
9.Nge2 Qa5 10.Bg2 Nd7 11.Ng3 Nb6 12.b3 b4 13.Nce2 c5 14.Kf2 Qa3 15.Nxh5 Rxh5
16.Ng3 Rh8 17.h4 Ba6 18.h5 O-O-O 19.hxg6 fxg6 20.Bh3+ Kb8 21.Be6 Rxh1 22.Rxh1 cxd4
23.Bg5 Bf6 24.Bxf6 exf6 25.Qxd4 Qxa2 26.Rc1 Qa5 27.Qxf6 Qc5+ 28.Kg2 Kc7 29.c4 Qe3
30.Rd1 Nc8 31.Qg7+ Kb8 32.Bd5 Nb6 33.Qf6 Kc7 34.Be6 Nc8 35.Qa1 Qxb3 36.Qa5+ Nb6
37.Qxa6 Qxd1 38.Qxa7+ Kc6 39.Bd5+ Kc5 40.Qc7+ Kd4 41.Qxb6+ Kc3 42.Qxd8 Qd2+
43.Kh3 Qh6+ 44.Kg4 b3 45.Qf6+ Kc2 46.e5 dxe5 47.Be4+ Kc1 48.Qxe5  1-0

[Event "72nd ch-GER"]
[Site "Seebad Heringsdorf GER"]
[Date "2000.11.17"]
[Round "1"]
[White "Reeh,O"]
[Black "Woll,W"]
[Result "1-0"]
[WhiteElo "2420"]
[BlackElo "2170"]

1.d4 g6 2.e4 Bg7 3.Nc3 d6 4.f4 Nd7 5.Nf3 c5 6.d5 a6 7.a4 Qc7 8.Be2 Ngf6 9.O-O O-O
10.a5 b5 11.axb6 Nxb6 12.Kh1 Qb7 13.Nd2 Ne8 14.Nb3 Bd7 15.f5 Nc7 16.Bg5 Nc8
17.f6 exf6 18.Bxf6 Nb5 19.Qd2 Qb6 20.Na4 Qb8 21.e5 Be8 22.Bxg7 Kxg7 23.exd6 c4
24.Bxc4 Ncxd6 25.Bd3 Nc7 26.Nac5 Nxd5 27.Bxg6 hxg6 28.Qxd5 Nf5 29.Nd4 Ne3
30.Nde6+ fxe6 31.Qd4+ e5 32.Ne6+  1-0

[Event "72nd ch-GER"]
[Site "Seebad Heringsdorf GER"]
[Date "2000.11.17"]
[Round "1"]
[White "Naumann,A"]
[Black "Heck,N"]
[Result "1-0"]
[WhiteElo "2489"]
[BlackElo "2340"]

1.e4 g6 2.d4 Bg7 3.Nc3 d6 4.Bg5 c6 5.Qd2 b5 6.f4 Qa5 7.Nf3 Nd7 8.Bd3 Nb6
9.O-O Bg4 10.e5 d5 11.b3 b4 12.Nd1 e6 13.Ne3 Bxf3 14.Rxf3 c5 15.dxc5 Qxc5
16.Kh1 h5 17.Bh4 Ne7 18.Bf2 Qa5 19.a4 a6 20.Bh4 Nd7 21.Raf1 Nf5 22.Nxf5 gxf5
23.Rh3 Nc5 24.Rg3 Rh7 25.Bf6 Kf8 26.Bh4 Rc8 27.Qe2 Qb6 28.Rh3 Nxd3 29.Rxd3 Qc5
30.Rd2 a5 31.Bf2 Qc6 32.Qb5 h4 33.h3 Qc3 34.Re2 d4 35.Rd1 Bh6 36.Bxd4 Qg3
37.Qd7 Ra8 38.Qc6 Re8 39.Bc5+ Kg7 40.Qxe8 Bxf4 41.Bg1  1-0

[Event "72nd ch-GER"]
[Site "Seebad Heringsdorf GER"]
[Date "2000.11.17"]
[Round "1"]
[White "Nenashev,A"]
[Black "Siebrecht,S"]
[Result "1-0"]
[WhiteElo "2642"]
[BlackElo "2376"]

1.d4 g6 2.e4 Bg7 3.Nc3 d6 4.f4 a6 5.Nf3 b5 6.Bd3 Nd7 7.e5 c5 8.Be3 c4 9.Be4 Rb8
10.Ng5 Nf8 11.Qf3 Nh6 12.O-O Nf5 13.Bf2 b4 14.Ne2 e6 15.Bc6+ Bd7 16.Bxd7+ Qxd7
17.g4 Ne7 18.Ne4 Nc8 19.Bh4 h5 20.Bf6 d5 21.Nc5 hxg4 22.Qxg4 Qa7 23.Bxg7 Rh7
24.Bxf8 Kxf8 25.a3 b3 26.cxb3 Ne7 27.b4 Nf5 28.Rf3 a5 29.Rh3 Rxh3 30.Qxh3 Kg7
31.Qf1 Qe7 32.Qf2 Qa7 33.Ng3 Ne7 34.Qe1 Nc6 35.Kh1 Rh8 36.Qg1 axb4 37.axb4 Qe7
38.b5 Nb4 39.f5 Qh4 40.fxe6 Qg4 41.exf7  1-0

[Event "Czech Extra League 2000-1"]
[Site "CZE"]
[Date "2000.11.18"]
[Round "1"]
[White "Orsag,Mil"]
[Black "Likavsky,T"]
[Result "1-0"]
[WhiteElo "2387"]
[BlackElo "2409"]

1.e4 g6 2.d4 Bg7 3.Nc3 d6 4.Nge2 Nd7 5.g3 e5 6.Bg2 Ngf6 7.O-O O-O 8.h3 Re8
9.Be3 b6 10.d5 h5 11.Qd2 Nh7 12.f4 exf4 13.gxf4 Ba6 14.Rf2 Bxe2 15.Rxe2 g5
16.fxg5 Ne5 17.b3 Ng6 18.Rf1 Re5 19.Nb5 Nxg5 20.Bd4 a6 21.Bxe5 dxe5 22.Na3 Nf4
23.Rxf4 exf4 24.Qxf4 f6 25.Nc4 Nf7 26.h4 b5 27.Ne3 Qd6 28.Qf3 Qe5 29.Nf5 Nd6
30.Bh3 Re8 31.Rg2 Qa1+ 32.Kh2 Qe5+ 33.Ng3 Kf8 34.Be6 c6 35.Qxh5 cxd5  1-0

[Event "Czech Extra League 2000-1"]
[Site "CZE"]
[Date "2000.11.18"]
[Round "1"]
[White "Forman,S"]
[Black "Markos,J"]
[Result "1/2-1/2"]
[WhiteElo "2220"]
[BlackElo "2327"]

1.d4 g6 2.e4 Bg7 3.Nc3 d6 4.Be3 a6 5.Qd2 b5 6.a4 b4 7.Nce2 a5 8.Ng3 h5 9.h4 Nf6
10.f3 O-O 11.Nh3 Na6 12.Bh6 c5 13.Bxg7 Kxg7 14.d5 Nc7 15.Bc4 e6 16.dxe6 Bxe6
17.Bxe6 Nxe6 18.Rd1 d5 19.exd5 Nd4 20.c3 Re8+ 21.Kf2 Nb3 22.Qg5 c4 23.Kg1 Nc5
24.Nf5+ Kg8 25.Nh6+ Kf8 26.Nf4 Qe7 27.d6 Qe3+ 28.Kh2 Qe5 29.Nxf7 Kxf7 30.Qxg6+ Kf8
31.Qh6+ Kf7  1/2-1/2

[Event "TCh-FIN 00-01"]
[Site "FIN"]
[Date "2000.11.18"]
[Round "4"]
[White "Kokkila,T"]
[Black "Lehtinen,H"]
[Result "1/2-1/2"]
[WhiteElo "2296"]
[BlackElo "2339"]

1.e4 g6 2.d4 Bg7 3.Nc3 d6 4.Be3 c6 5.f4 Qb6 6.Qd2 Qxb2 7.Rb1 Qa3 8.Nf3 Nf6
9.Bd3 O-O 10.e5 Ng4 11.Bg1 Qa5 12.h3 Nh6 13.g4 f6 14.exd6 exd6 15.Be3 Nf7
16.O-O d5 17.f5 gxf5 18.Bxf5 Bxf5 19.gxf5 Qc7 20.Ne2 Nd6 21.Bf4 b6 22.Kh1 Qd7
23.Bxd6 Qxd6 24.Rg1 Kh8 25.Nf4 Nd7 26.Rg4 Rf7 27.Rbg1 Bh6 28.Ng6+ hxg6 29.Qxh6+ Rh7
30.Qxg6 Qf8 31.Kh2 Re8 32.Rh4 Re7 33.Rgg4 Rg7 34.Rxh7+ Rxh7 35.Nh4 Rg7 36.Qh6+ Kg8
37.Ng6 Qd6+ 38.Kg2 Qb4 39.Qe3 Nf8 40.Ne7+ Kf7 41.Rxg7+ Kxg7 42.Nxc6 Qa4 43.Qg3+ Kh8
44.Qc3 Qxa2 45.Ne7 Qc4 46.Qxc4 dxc4 47.Nc8 b5 48.Nxa7 b4 49.Nb5 b3 50.c3 Nd7
51.Na3 Nb6 52.Kf3 Kg7 53.d5  1/2-1/2

[Event "Tenkes Kupa"]
[Site "Harkany HUN"]
[Date "2000.11.18"]
[Round "3"]
[White "Percze,J"]
[Black "Fasser,W"]
[Result "1/2-1/2"]
[WhiteElo "2241"]
[BlackElo "2047"]

1.e4 g6 2.d4 d6 3.Nc3 Bg7 4.f4 Nf6 5.Nf3 O-O 6.Bd3 Nc6 7.O-O e5 8.fxe5 dxe5
9.d5 Nd4 10.Nxe5 Nxe4 11.Bxe4 Bxe5 12.Bf4 Bxf4 13.Rxf4 Nf5 14.Bxf5 Bxf5 15.Qd4 Bxc2
16.Re1 h5 17.Re3 Qd7 18.Rg3 Kh7 19.Rf6 Rae8 20.Rgf3 Qe7 21.g4 hxg4 22.Qxg4 Kg7
23.Qf4 Qe1+ 24.Kg2 Qe7 25.Kg1  1/2-1/2

[Event "Tenkes Kupa"]
[Site "Harkany HUN"]
[Date "2000.11.19"]
[Round "4"]
[White "Feher,G"]
[Black "Csala,I"]
[Result "1-0"]
[WhiteElo "2400"]
[BlackElo "2275"]

1.e4 d6 2.d4 g6 3.Nc3 Bg7 4.f4 a6 5.Nf3 Bg4 6.Be3 c6 7.h3 Bxf3 8.Qxf3 e6
9.O-O-O d5 10.g4 Ne7 11.Bd3 Nd7 12.f5 Qa5 13.e5 exf5 14.gxf5 f6 15.fxg6 hxg6
16.exf6 Bxf6 17.Qg4 O-O-O 18.Rhf1 Nf5 19.Bxf5 gxf5 20.Rxf5 Rh4 21.Qg2 Re8
22.Bf2 Rhh8 23.Qf3 Qd8 24.Rf1 Bg5+ 25.Kb1 Ref8 26.Bg1 Bh4 27.a3 b5 28.Bh2 Rxf5
29.Qxf5 Rf8 30.Qd3 Rf6 31.Qe2 Kb7 32.Ka2 Qf8 33.Rxf6 Qxf6 34.Qg4 Qe7 35.Ne2 Qh7
36.Nc1 Bd8 37.Nd3 Bc7 38.Qxd7 Qxd7 39.Nc5+ Kc8 40.Nxd7 Bxh2 41.Ne5 Kc7 42.h4 Kd6
43.b4 Bxe5 44.dxe5+ Kxe5 45.Kb2  1-0

[Event "Autumn Cup GM"]
[Site "Bucharest ROM"]
[Date "2000.11.21"]
[Round "2"]
[White "Szabo,G ROM"]
[Black "Mateuta,G"]
[Result "1/2-1/2"]
[WhiteElo "2330"]
[BlackElo "2409"]

1.e4 g6 2.d4 Bg7 3.Nc3 d6 4.Be3 a6 5.Qd2 b5 6.Bd3 Nd7 7.a4 b4 8.Nce2 c5 9.c3 bxc3
10.bxc3 Qa5 11.Nf3 Ngf6 12.O-O O-O 13.Bh6 e5 14.Qg5 Bxh6 15.Qxh6 cxd4 16.cxd4 exd4
17.Nexd4 Bb7 18.Rfe1 Rae8 19.Qf4 Nc5 20.Qxf6  1/2-1/2

[Event "Autumn Cup GM"]
[Site "Bucharest ROM"]
[Date "2000.11.23"]
[Round "4"]
[White "Istratescu,A"]
[Black "Badea,B"]
[Result "1/2-1/2"]
[WhiteElo "2578"]
[BlackElo "2480"]

1.e4 g6 2.d4 Bg7 3.Nc3 d6 4.Bg5 a6 5.Nf3 h6 6.Be3 Nc6 7.h3 Bd7 8.Qd2 e6 9.O-O-O Nce7
10.g4 b5 11.Bg2 b4 12.Ne2 a5 13.Ne1 Nf6 14.f4 d5 15.e5 Ne4 16.Bxe4 dxe4 17.c4 bxc3
18.Nxc3 Bc6 19.Rf1 Bd5 20.Ng2 Qd7 21.Bf2 Bc4 22.Rfe1 Nd5 23.Ne3  1/2-1/2

[Event "Scaccomatto"]
[Site "Torino ITA"]
[Date "2000.11.23"]
[Round "6"]
[White "Lazic,Mi"]
[Black "Delchev,A"]
[Result "0-1"]
[WhiteElo "2470"]
[BlackElo "2557"]

1.d4 d6 2.e4 g6 3.Nc3 Bg7 4.Be3 a6 5.a4 b6 6.f3 Nd7 7.Qd2 e6 8.h4 h5 9.Bg5 Ne7
10.Nh3 Bb7 11.Be2 c5 12.dxc5 dxc5 13.Rd1 Ne5 14.Qf4 Qb8 15.O-O N5c6 16.Qxb8+ Rxb8
17.Bf4 Rc8 18.Rd6 Bd4+ 19.Kh1 Ra8 20.e5 Nf5 21.Rxd4 Ncxd4 22.Bd3 c4 23.Be4 Kd7
24.Rd1 Rad8 25.Rf1 Kc8 26.Rf2 b5 27.axb5 Nxb5 28.Bxb7+ Kxb7 29.Ne4 c3 30.bxc3 Rd1+
31.Kh2 Rc8 32.Nhg5 Rd7 33.g4 Ne7 34.Nf6 Rdc7 35.Bd2 Nd5 36.Nfe4 Nb6 37.gxh5 gxh5
38.Rf1 Nc4 39.Bf4 a5 40.Rb1 Ka6 41.Ra1 Nb6 42.Kg3 Nxc3 43.Nxc3 Rxc3 44.Bd2 R3c5
45.Nxf7 Rd5 46.Bf4 Rxc2 47.Ng5 Rc6 48.Ne4 Nd7 49.Ra3 Nxe5 50.Nf6 Nc4 51.Ra1 Rd3
52.Nxh5 e5 53.Bg5 e4 54.Kf4 exf3 55.Ke4 Rcd6 56.Nf4 Re3+ 57.Kf5 f2 58.Rf1 Re5+  0-1

[Event "VI Open"]
[Site "Lisbon POR"]
[Date "2000.11.24"]
[Round "7"]
[White "Costa,Joao"]
[Black "Leonardo,J"]
[Result "1-0"]
[WhiteElo "2006"]
[BlackElo "2301"]

1.e4 g6 2.d4 Bg7 3.Nc3 d6 4.Be3 Nd7 5.Qd2 c6 6.Bd3 b5 7.Nge2 Nb6 8.b3 Qc7
9.f3 h5 10.a4 b4 11.Nd1 a5 12.Nb2 Be6 13.Nf4 Bd7 14.Nc4 Nxc4 15.Bxc4 e6 16.O-O Ne7
17.Rad1 O-O 18.d5 e5 19.Nxg6 Nxg6 20.dxc6 Bxc6 21.Qxd6 Qxd6 22.Rxd6 Bxe4
23.fxe4 Nh8 24.Rd7 Rac8 25.Bb6 Ra8 26.Bc5 Rfc8 27.Bd5 Rxc5 28.Bxa8 Rxc2 29.Bd5 Bh6
30.Bc4 h4 31.Rd5 Bf4 32.Rxa5 Kg7 33.Rb5 Bd2 34.Rxe5 Bc3 35.Rh5 f6 36.Rxh4 Ng6
37.Rg4 Kh6 38.Bf7 Bd4+ 39.Kh1 Ne7 40.Bc4 Be5 41.Rh4+ Kg7 42.Rh3 Nc6 43.Rhf3 Nd4
44.R3f2 Rc3 45.a5 Nxb3 46.Bxb3 Rxb3 47.Ra2 Bb8 48.a6 Ba7 49.Rd2 Be3 50.a7 Ra3
51.Rd3 Bxa7 52.Rxa3 bxa3 53.Ra1 Bc5 54.g3 Kf7 55.h4 Ke6 56.h5 Bf8 57.Kg2 Ke5
58.Kf3 f5 59.exf5 Kxf5 60.g4+ Kg5 61.Rd1 Bg7 62.Rd5+  1-0

[Event "VI Open"]
[Site "Lisbon POR"]
[Date "2000.11.26"]
[Round "9"]
[White "Coimbra,M"]
[Black "Damaso,R"]
[Result "1/2-1/2"]
[WhiteElo "2043"]
[BlackElo "2386"]

1.e4 g6 2.d4 Bg7 3.Nc3 d6 4.Be3 a6 5.Qd2 Nd7 6.f3 b5 7.Nge2 Bb7 8.g4 c5 9.Ng3 Rc8
10.Rd1 Qa5 11.a3 cxd4 12.Bxd4 Bxd4 13.Qxd4 Ngf6 14.Be2 O-O 15.h4 Ne5 16.h5 Nc4
17.Bxc4 Rxc4 18.Qd2 b4 19.Nd5 Bxd5 20.exd5 Qc7 21.Qh6 e6 22.dxe6 Re8 23.O-O Rxe6
24.hxg6 fxg6 25.axb4 Rxc2 26.Rd2 Rc1 27.Rf2 Rxf1+ 28.Nxf1 Qb6 29.Qd2 Re5
30.Kg2 Kg7 31.Re2 Rxe2+ 32.Qxe2 Qb7 33.Kg3 Kf7 34.Qc4+ d5 35.Qf4 Ke6 36.Qe3+ Kf7
37.Qf4 Kg7 38.Qd4 Qc7+ 39.Kg2 Qc2+ 40.Kg3 Qc1 41.Kg2 h5 42.Ne3 hxg4 43.fxg4 g5
44.Nxd5 Qc2+ 45.Kf3 Qb3+ 46.Ne3 Qe6  1/2-1/2

[Event "TCh-SVK"]
[Site "SVK"]
[Date "2000.11.26"]
[Round "4"]
[White "Krajnak,M"]
[Black "Petran,Pe"]
[Result "1/2-1/2"]
[WhiteElo "2266"]
[BlackElo "2336"]

1.Nc3 g6 2.d4 Bg7 3.e4 d6 4.Bc4 Nf6 5.Qe2 c6 6.e5 Nd5 7.Bd2 O-O 8.O-O-O Be6
9.Nf3 Nxc3 10.Bxc3 Bxc4 11.Qxc4 d5 12.Qe2 e6 13.h4 h6 14.Bd2 Re8 15.h5 g5
16.Nh2 f5 17.exf6 Qxf6 18.Bc3 Nd7 19.Ng4 Qf4+ 20.Kb1 Nf6 21.Nxf6+ Qxf6 22.Rh3 Rf8
23.Bb4 Qxf2 24.Qxe6+ Qf7 25.Qg4 Qf5 26.Qe2 Rae8 27.Re3 Rxe3 28.Qxe3 Qg4 29.Re1 Bxd4
30.Qe7 Bg7 31.Qxb7 Rf7 32.Qb8+ Kh7 33.Qd6 Rf6 34.Qe7 Qxh5 35.Qxa7 Rf7 36.Qb8 Qg4
37.g3 Rf2 38.a4 Qc4 39.Bc3 d4 40.Qb4 Qd5 41.Bd2 c5 42.Qa5 Qg2 43.Qxc5 Qxg3
44.Qd5 Qg4 45.Bc1 Qf5 46.Qc4 g4 47.a5 Qxa5 48.Re8 Rf8 49.Re7 Qf5 50.Qxd4 Qg6
51.Qg1 h5 52.Rc7 g3 53.Re7 Rf2 54.Rc7 h4 55.Rc4 Qf6 56.Qh1 Rh2 57.Qe4+ Qg6
58.Qe1 g2 59.Rxh4+ Rxh4 60.Qxh4+ Bh6 61.Qe7+ Qg7 62.Qe4+ Qg6 63.Qe7+ Kg8
64.Qd8+ Kf7 65.Qd7+ Kf6  1/2-1/2

[Event "Autumn Cup GM"]
[Site "Bucharest ROM"]
[Date "2000.11.27"]
[Round "7"]
[White "Murariu,A"]
[Black "Istratescu,A"]
[Result "1/2-1/2"]
[WhiteElo "2299"]
[BlackElo "2578"]

1.e4 g6 2.d4 Bg7 3.Nc3 d6 4.Nf3 a6 5.a4 Nd7 6.Be3 b6 7.Bc4 e6 8.O-O Bb7 9.Re1 Ne7
10.Qd2 h6 11.Rad1 Nf6 12.e5 Nfd5 13.Nxd5 Nxd5 14.Bb3 Nxe3 15.Qxe3 d5 16.a5 Rc8
17.c3 Bf8 18.axb6 cxb6 19.h4 Be7 20.h5 gxh5 21.Nh2 Kd7 22.Qf3 b5 23.Qxf7 Qe8
24.Qxe8+ Rhxe8 25.Re3 Rg8 26.f4 Rcf8 27.Rf1 a5 28.Bc2 a4 29.f5 exf5 30.Bxf5+ Kc7
31.Be6 Rh8 32.Ref3 Bc6 33.Bf7 Bg5 34.Bxd5 Rxf3 35.Bxf3 b4 36.cxb4 Rd8 37.Bxc6 Kxc6
38.Nf3 Be3+ 39.Kh1 Bxd4 40.Rd1 Bb6 41.Re1 Bf2 42.Rc1+ Kb5 43.e6 Re8 44.Rc2 Be3
45.Re2 Rxe6 46.Nd4+ Bxd4 47.Rxe6 Bxb2 48.Rxh6 a3 49.Rxh5+ Kxb4 50.Rh7 a2
51.Rb7+  1/2-1/2

[Event "Autumn Cup IM"]
[Site "Bucharest ROM"]
[Date "2000.11.30"]
[Round "10"]
[White "Ionescu,D"]
[Black "Bogza,A"]
[Result "1/2-1/2"]
[WhiteElo "2258"]
[BlackElo "2271"]

1.d4 g6 2.e4 Bg7 3.Nc3 d6 4.f4 Nf6 5.Nf3 O-O 6.Bd3 Na6 7.O-O c5 8.d5 Bg4
9.h3 Bxf3 10.Rxf3 Nc7 11.a4 e6 12.dxe6 Nxe6 13.Be3 Nd4 14.Rf1 Re8 15.Bf2 Rc8
16.Re1 Nh5 17.Nd5 Ne6 18.Bb5 Rf8 19.f5 Nc7 20.c3 Nxd5 21.Qxd5 Be5 22.Qd1 Qg5
23.Qf3 Qd2 24.Re2 Qf4 25.Qxf4 Nxf4 26.Rd2 Kg7 27.Bf1 g5 28.Be3 Kf6 29.Rad1 Rc6
30.Bf2 Nh5 31.Bb5 Rc7 32.h4 Rg8 33.hxg5+ Kxg5 34.Be2 Nf4 35.Bf3 Rc6 36.Kf1 h5
37.g3 Nh3 38.Be1 Kf6 39.Rh2 Ng5 40.Bg2 Rh8 41.Rh1 Ke7 42.Ke2 Ra6 43.Ra1 Rb6
44.Ra2 Rc6 45.g4 hxg4 46.Rxh8 Bxh8 47.Bh4 f6 48.e5 Rc7 49.exd6+ Kxd6 50.Bg3+ Kd7
51.Bxc7 Kxc7 52.Ke3 Nf7 53.Ra1 Bg7 54.Rh1 Bh6+ 55.Kd3 Kd6 56.Bxb7 Ke5 57.Bc8 Kf4
58.Be6 Ne5+ 59.Ke2 g3 60.Kf1 Ng4 61.Kg1 Kf3 62.Bd5+ Kf4 63.Bc6 c4 64.a5 Bf8
65.Rh4 Kg5 66.Rh8 Bc5+ 67.Kg2 Kf4 68.Rh4 Kg5 69.Rh8 Kf4 70.Rh4 Kg5 71.Rh8 Kf4
72.Rc8 Ne5 73.Bd5 Nd3 74.Kh3 Nf2+ 75.Kh4 Nd3 76.Bb7 Bf2 77.Rxc4+ Kxf5 78.Kh3  1/2-1/2

[Event "9th It"]
[Site "Sonnevanck NED"]
[Date "2000.11.30"]
[Round "3"]
[White "Bottema,To"]
[Black "Hendriks,W"]
[Result "1/2-1/2"]
[WhiteElo "2359"]
[BlackElo "2378"]

1.e4 g6 2.d4 Bg7 3.Nc3 d6 4.Nf3 Nf6 5.h3 O-O 6.Be3 a6 7.a4 b6 8.Bd3 Bb7 9.O-O Nbd7
10.Qb1 e6 11.b4 Qc8 12.b5 axb5 13.axb5 d5 14.exd5 Nxd5 15.Nxd5 Bxd5 16.Nd2 e5
17.c3 Rxa1 18.Qxa1 Qb7 19.f3 Ra8 20.Qb1 Ra3 21.Rc1 Qa7 22.Be4 Nf6 23.dxe5 Nxe4
24.Nxe4 Bxe5 25.Bd4 Bxd4+ 26.cxd4 Kg7 27.Qb4 Ra1 28.Qe1 Rxc1 29.Qxc1 Qa4
30.Qxc7 Qxd4+ 31.Kh2 Bxe4 32.fxe4 h5 33.Qc6  1/2-1/2

[Event "Autumn Cup GM"]
[Site "Bucharest ROM"]
[Date "2000.12.01"]
[Round "11"]
[White "Podinic,V"]
[Black "Badea,B"]
[Result "0-1"]
[WhiteElo "2340"]
[BlackElo "2480"]

1.e4 g6 2.d4 d6 3.Nc3 Bg7 4.Be3 a6 5.Qd2 b5 6.f3 Nd7 7.Nh3 c5 8.Nf2 Bb7 9.Be2 Rc8
10.a3 Ngf6 11.O-O cxd4 12.Bxd4 O-O 13.Rac1 Nb6 14.Ncd1 Qc7 15.b3 e5 16.Bb2 d5
17.exd5 Nfxd5 18.c4 bxc4 19.Bxc4 Nxc4 20.bxc4 Nf4 21.Qe3 Ne6 22.Nd3 Nd4 23.Re1 Nf5
24.Qf2 f6 25.Rc3 Rfd8 26.Ne3 Ne7 27.Nb4 Qb8 28.Qc2 Kh8 29.Kh1 Qa8 30.Rd1 e4
31.f4 Rxd1+ 32.Qxd1 Rd8 33.Qc2 a5 34.Nbd5 Bxd5 35.cxd5 Nxd5 36.Nxd5 Qxd5
37.h3 h5 38.Re3 Qd1+ 39.Qxd1 Rxd1+ 40.Kh2 f5 41.Rb3 Bxb2 42.Rxb2 Rd3 43.a4 Ra3
44.g4 hxg4 45.hxg4 Rxa4 46.gxf5 gxf5 47.Kg3 Rb4 48.Ra2 a4 49.Kh4 e3 50.Kg5 Re4
51.Re2 Kg7 52.Kxf5 Re7 53.Kg5 a3 54.f5 Kf7  0-1

[Event "Belgian Interteams 2000-1"]
[Site "BEL"]
[Date "2000.12.03"]
[Round "4"]
[White "Van Beek,L"]
[Black "Schalkx,J"]
[Result "1-0"]
[WhiteElo "2416"]
[BlackElo "2223"]

1.d4 g6 2.e4 Bg7 3.Nc3 d6 4.Nf3 Bg4 5.Be3 Nc6 6.Be2 e5 7.d5 Bxf3 8.Bxf3 Nd4
9.Bg4 c5 10.O-O Ne7 11.Qd2 O-O 12.Bd1 f5 13.f3 Qb6 14.b3 Qa6 15.Be2 Qa5 16.Bd3 a6
17.Nd1 Qd8 18.c3 Nb5 19.a4 Nc7 20.b4 cxb4 21.cxb4 b5 22.Nc3 Qd7 23.Rfc1 Rfb8
24.Ra2 Nc8 25.Rac2 bxa4 26.Nxa4 Nb5 27.Rc6 fxe4 28.fxe4 Nd4 29.Rc7 Qxa4 30.Bxd4 exd4
31.Rxg7+ Kxg7 32.Rc7+ Kg8 33.Qh6 Qd1+ 34.Bf1  1-0

[Event "Open"]
[Site "Milan ITA"]
[Date "2000.12.04"]
[Round "3"]
[White "Sveshnikov,E"]
[Black "Foisor,O"]
[Result "1-0"]
[WhiteElo "2555"]
[BlackElo "2404"]

1.e4 g6 2.d4 Bg7 3.Nc3 d6 4.Be3 a6 5.f4 b5 6.Nf3 Bb7 7.Bd3 Nd7 8.O-O b4 9.Na4 Ngf6
10.Nd2 O-O 11.Qe2 Qc8 12.c4 bxc3 13.bxc3 c5 14.dxc5 dxc5 15.c4 Bc6 16.Nc3 Ng4
17.e5 Ndxe5 18.fxe5 Bxe5 19.Bxc5 Bxc3 20.Nb3 Bxa1 21.Rxa1 Re8 22.Rf1 f5 23.h3 Nf6
24.Qe5 Bd7 25.Bxe7 Rxe7 26.Qxe7 Qf8 27.Qe5 Re8 28.Qd4 Bc6 29.c5 Rd8 30.Bc4+ Kg7
31.Qc3 Qe7 32.Re1 Be4 33.Bxa6 Ra8 34.Bd3 Rxa2 35.Bxe4 fxe4 36.Nd4 Ra4 37.Rf1 h5
38.Kh1 e3 39.c6 e2 40.Nxe2 Qxe2 41.Qxf6+ Kh6 42.c7 Rc4 43.Qf8+ Kg5 44.c8=Q  1-0

[Event "FSIMB December"]
[Site "Budapest HUN"]
[Date "2000.12.06"]
[Round "4"]
[White "Farago,S"]
[Black "Khechumyan,G"]
[Result "0-1"]
[WhiteElo "2292"]
[BlackElo "2255"]

1.e4 g6 2.d4 Bg7 3.Nc3 d6 4.Be3 a6 5.Qd2 Nd7 6.Nf3 h6 7.Bd3 e6 8.O-O-O Ne7
9.g4 b6 10.h4 Bb7 11.h5 g5 12.Rhg1 c5 13.dxc5 dxc5 14.Kb1 Qc7 15.Ne1 O-O-O
16.Qe2 b5 17.Bxb5 axb5 18.Nxb5 Ba6 19.a4 Nb6 20.Nd3 Bxb5 21.axb5 Na4 22.c3 f5
23.gxf5 exf5 24.exf5 Nd5 25.Qg4 Naxc3+ 26.bxc3 Nxc3+ 27.Kc2 Nxd1 28.Rxd1 Bd4
29.Qe4 Kb8 30.b6 Qf7 31.Bxd4 Qa2+ 32.Kc1 cxd4  0-1